カスのなぞなぞ - Statistics

General Stats
  • This quiz has been taken 3 times
  • The average score is 6 of 15
Answer Stats
条件 答え % Correct
凝りがあることを教えてくれる、北斗七星を構成する星ってな~んだ アルコル
67%
人形の中によく観測される、芳香族複素環式化合物ってな~んだ インドール
67%
朝から液体を塗り広げている、都道府県ってど~こだ 京都府
67%
顔が小さい人にとってのグリコで、西アフリカでコラやバラフォンを活用しながら伝統的に世襲で語り部を行う職種といえばな~んだ グリオ
67%
現職のナミビア大統領の中にある、木軸ペンのお店ってな~んだ ボナン
67%
話がどんどん長くなる、幕末から明治にかけて活躍した落語家ってだ~れだ (三遊亭)圓朝
33%
砥石を使うときに使用停止勧告がなされる、天井の低い集会所ってな~んだ トグナ
33%
相手を切ろうと思っても全く切れずよく確認した時にドジな武士が言う言葉にもなりうる、ジャガイモの品種ってな~んだ さやか
33%
濁りを清らかにすると歴史を感じられるポーランドの町ってど~こだ ピズドリ
33%
神奈川県では滋賀県になる、かもめの遊ぶ地ってな~んだ 鷗沙
33%
4月になると主に福山市周辺で江戸時代初期から食べられる料理になる、バラ科の高木といえばな~んだ ズミ
33%
花木として庭に植栽されることもあるマメ科の植物を逆さに植えてしまったときに出てくる、部首ってな~んだ まだれ
33%
森より海でにしんを育てる方が好きな、征夷大将軍ってだ~れだ 守邦親王
33%
ライトとセンターの間へのいい当たりを放つ、中華民国や満州国で活躍した政治家ってだ~れだ 于冲漢
0%
めっちゃアルゼンチンの町っぽいものが複数ある、ケニアの町ってど~こだ マチャコス
0%
No matching quizzes found
Score Distribution
Percent of People with Each Score
Percentile by Number Answered
Your Score History
You have not taken this quiz